Mi mama siembra fresas / (Record no. 18936)

MARC details
000 -LEADER
fixed length control field 00650nam a22002177a 4500
001 - CONTROL NUMBER
control field sjds170189
003 - CONTROL NUMBER IDENTIFIER
control field sjds
005 - DATE AND TIME OF LATEST TRANSACTION
control field 20171016141501.0
008 - FIXED-LENGTH DATA ELEMENTS--GENERAL INFORMATION
fixed length control field 171016b ohu||||| |||| 00| 0 spa d
020 ## - INTERNATIONAL STANDARD BOOK NUMBER
International Standard Book Number 9780026858335 (pbk.)
020 ## - INTERNATIONAL STANDARD BOOK NUMBER
International Standard Book Number 0026858339 (pbk.)
040 ## - CATALOGING SOURCE
Transcribing agency sjds
041 ## - LANGUAGE CODE
Language code of text/sound track or separate title spa
Language code of original eng
100 1# - MAIN ENTRY--PERSONAL NAME
Personal name Ada, Alma Flor.
240 ## - UNIFORM TITLE
Uniform title <a href="My mother plants strawberries">My mother plants strawberries</a>
245 ## - TITLE STATEMENT
Title Mi mama siembra fresas /
Statement of responsibility, etc. cuento de Alma Flor Ada ; ilustraciones de Larry Ramond.
260 ## - PUBLICATION, DISTRIBUTION, ETC. (IMPRINT)
Place of publication, distribution, etc. Columbus, OH :
Name of publisher, distributor, etc. SRA Macmillan/McGraw-Hill,
Date of publication, distribution, etc. c1995.
300 ## - PHYSICAL DESCRIPTION
Extent 16 pages :
Other physical details color illustrations ;
Dimensions 31 cm
700 1# - ADDED ENTRY--PERSONAL NAME
Personal name Ramond, Larry.
942 ## - ADDED ENTRY ELEMENTS (KOHA)
Koha item type Libro/Book

No items available.

Powered by Koha